भगत सिंह की जेल डायरी/ (Record no. 212009)

MARC details
000 -LEADER
fixed length control field 00762nam a22001937a 4500
005 - DATE AND TIME OF LATEST TRANSACTION
control field 20250821164534.0
010 ## - LCCN (DPL NO)
LC control number HIN-129870
020 ## - INTERNATIONAL STANDARD BOOK NUMBER
Terms of availability 200.00
International Standard Book Number 9789363182127
035 ## - SYSTEM CONTROL NUMBER
System control number HN-102216
037 ## - SOURCE OF ACQUISITION
Source of stock number/acquisition DBAD
082 ## - DEWEY DECIMAL CLASSIFICATION NUMBER
Classification number 954.0841
100 ## - MAIN ENTRY--PERSONAL NAME
Personal name सिंह, भगत
245 ## - TITLE STATEMENT
Title भगत सिंह की जेल डायरी/
Statement of responsibility, etc भगत सिंह
250 ## - EDITION STATEMENT
Edition statement 1
260 ## - PUBLICATION, DISTRIBUTION, ETC. (IMPRINT)
Place of publication, distribution, etc नई दिल्ली
Name of publisher, distributor, etc डायमंड बुक्स
Date of publication, distribution, etc 2024
270 ## - ADDRESS
Address एक्स -30 ओखला इंडस्ट्रियल एरिया ,फेज 2
City नई दिल्ली
Postal code 110020
300 ## - PHYSICAL DESCRIPTION
Extent 208पृ.
Dimensions 21 सेमी (अजिल्द )
942 ## - ADDED ENTRY ELEMENTS (KOHA)
Source of classification or shelving scheme Dewey Decimal Classification
Item type Hindi Books
Classification part 954.0841
Call number suffix सिंहभ
Holdings
Withdrawn status Lost status Not for loan Collection code Home library Current library Date acquired Source of acquisition Cost, normal purchase price Full call number Barcode Cost, replacement price Koha item type
      Non-fiction Ashok Vihar Ashok Vihar 02/07/2025 DBAD 200.00 954.0841 सिंहभ HN-102216 200.00 Hindi Books

© Delhi Public Library
Hit Counter
free hit counter